Statistiques concernant Pyramide de mots n°8

Cliquez ici pour prendre le quiz!

Statistiques générales

  • Ce quiz a été pris 402 fois
  • Le résultat moyen est 5 sur 6

Statistiques - réponses

LettresIndicesMots% Correct
A,CCelaÇa
100%
Félin domestiqueChat
99%
Pas ticTac
99%
Contraire de vendreAcheter
88%
Pistache!Tache
88%
Texte accordé par un souverainCharte
47%

Distribution des résultats

Percentile par nombre de réponses

% des personnes avec chaque résultat

Votre développement - résultats

Vous n’avez pas pris ce quiz